Účtovanie pri zmene právnej formy podnikania

Účtovanie pri zmene právnej formy, pri ktorej spoločnosť ako právnická osoba nezaniká. Účtovanie pri zlúčení spoločností, kedy dochádza k zrušeniu jednej zo spoločností bez likvidácie a následne k jej zániku. Praktické príklady účtovania.

Guardado en:
Detalles Bibliográficos
Autor principal: Vanko, Jozef
Formato: Capítulo de libro
Lenguaje:eslovaco
Materias:
Etiquetas: Agregar Etiqueta
Sin Etiquetas, Sea el primero en etiquetar este registro!

MARC

LEADER 00000naa$a2200000$$$4500
001 0024039
005 20230919094849.0
041 0 |a slo 
044 |a SK 
245 1 0 |a Účtovanie pri zmene právnej formy podnikania  |c Jozef Vanko 
520 |a Účtovanie pri zmene právnej formy, pri ktorej spoločnosť ako právnická osoba nezaniká. Účtovanie pri zlúčení spoločností, kedy dochádza k zrušeniu jednej zo spoločností bez likvidácie a následne k jej zániku. Praktické príklady účtovania. 
610 2 0 |a zákonník obchodný 
610 2 0 |a Slovensko 
610 2 0 |a formy organizačno-právne 
610 2 0 |a zlučovanie podnikov 
610 2 0 |a účtovanie 
610 2 0 |a súvaha 
610 2 0 |a zrušenie podniku 
100 1 |a Vanko, Jozef